| 000 | 00346nam a22001217a 4500 | ||
|---|---|---|---|
| 008 | 180426b xxu||||| |||| 00| 0 eng d | ||
| 041 | _aeng | ||
| 080 | _a043.3 | ||
| 100 | _a0 | ||
| 101 | _aSHKI-BTH | ||
| 245 |
_aHartimi dhe zhvillimi i ueb aplikacionit për përcjellje përmes sistemit Global të Pozicionimit (GPS) _cPeja,G |
||
| 942 |
_2udc _cBK |
||
| 999 |
_c45564 _d45564 |
||